000 02638nam0a2200385 4500
001 RU\NLR\BIBL_A\012696676
005 20220215092941.0
010 _a978-5-04-108718-0
_94000
021 _aRU
_bКН-П-21-068518
_9КН-П-21-5423
035 _a(NLR Aleph) 012696676
035 _a(RuMoRGB)010826758
090 _a12864630
_c12864630
100 _a20220128d2021 e y0rusy50 ca
101 1 _arus
_cger
102 _aRU
105 _aac z 000zy
181 0 _ai3
_baxxe
181 0 _ab2
_bxb2e
182 0 _an
200 1 _aЗвёзды
_eкосмические чудеса
_e[для старшего школьного возраста]
_fМанфред Баур
_g[перевод с немецкого Людмилы Калининой]
203 _aТекст
_aИзображение
_bвизуальные
_cнепосредственные
210 _aМосква
_c#Эксмодетство
_cЭксмо
_d2021
215 _a48 с.
_cцв. ил.
_d27
225 1 _aЧто есть что
300 _aНа обл. авт. не указан
330 _aКакие тайны скрывает звездное небо? Огромные расстояния не позволяют нам изучить вблизи не только далекие галактики и туманности, но даже нашу звезду Солнце. Ученым остается изучать... звездный свет. Вас ждут удивительные приключения, потрясающие открытия, невероятные факты и много нужной и полезной информации обо всем! Интересная подача материала, четкая структура, подходящий шрифт, объяснение сложных тем через игровые элементы, визуальные схемы, иллюстрации. Авторы - ученые и популяризаторы науки. Русский перевод проверен научными редакторами. Для учеников средней школы. В конце книги находится словарь нужных терминов или сложных слов
333 _a0+; 6-
606 1 _aКосмическое пространство
_jИздания для детей
_2nlr_sh1
_2nlr_sh2
_3RU\NLR\AUTH\66227955
686 0 _aШ9
_bВ6
700 1 _aБаур
_bМ.
_gМанфред
942 _cBOOK
980 _aNB